Monopoly a ich regulácia na Slovensku diplomová práca

Salvato in:
Dettagli Bibliografici
Autore principale: Goldschmidtová, Hana
Ente Autore: Národohospodárska fakulta EU. Katedra hospodárskej politiky
Altri autori: Holková, Vieroslava
Natura: Libro
Lingua:slovacco
Pubblicazione: Bratislava 2009
Tags: Aggiungi Tag
Nessun Tag, puoi essere il primo ad aggiungerne!!

MARC

LEADER 00000nam$a2200000$$$4500
001 0095729
005 20240319123827.2
041 0 |a slo 
044 |a SK 
245 1 0 |a Monopoly a ich regulácia na Slovensku  |b diplomová práca  |c Hana Goldschmidtová ; škol. Vieroslava Holková 
264 1 |a Bratislava  |c 2009 
300 |a 82 s. 
100 1 |a Goldschmidtová, Hana 
700 1 |a Holková, Vieroslava 
710 2 |a Národohospodárska fakulta EU. Katedra hospodárskej politiky